Die Organisation der Rechtspflege in den Kolonien /

Saved in:
Bibliographic Details
Main Author: Köbner, Otto, 1869-1935.
Format: Book
Language:German
Published: Berlin, E. S. Mittler und sohn, 1903.
Subjects:
Tags: Add Tag
No Tags, Be the first to tag this record!
LEADER 00925nam a2200253I 4500
001 005184357-9
005 20101013110636.0
008 910613s1903 gw 000 0 ger
010 |a  03030796  
035 0 |a ocm23933582 
040 |a DLC  |c CUY  |d CUY  |d HVL 
043 |a e-gx--- 
050 4 |a JV2059  |b .K63 
090 |a JV2059  |b .K63 
100 1 |a Köbner, Otto,  |d 1869-1935. 
245 1 4 |a Die Organisation der Rechtspflege in den Kolonien /  |c von Otto Köbner. 
260 |a Berlin,  |b E. S. Mittler und sohn,  |c 1903. 
300 |a vii, 43, [1] p. ;  |c 25 cm. 
500 |a "Erweiterter sonderabdruck aus den Verhandlungen des Deutschen kolonialkongresses 1902." 
650 0 |a Law  |z Germany  |x Colonies. 
650 0 |a Law  |x Colonies  |z Germany. 
776 0 8 |i Online version:  |a Köbner, Otto Max, 1869-  |t Organisation der rechtspflege in den kolonien.  |d Berlin, E.S. Mittler und sohn, 1903  |w (OCoLC)690517628 
988 |a 20020608 
906 |0 DLC